000 00612nam a2200193Ia 4500
003 OSt
005 20250410153450.0
008 191128s1969 sp er 000 f spa d
040 _aCO-JMCR
_cCO-JMCR
041 _aspa
082 0 4 _aA-N
_bBUCm
100 1 _aBuck, Pearl S.
_d1892-1973
_eautor
_96379
245 1 3 _aLa madre /
_cPearl S. Buck ; Traducción de Carlos Paytuví de Sierra
260 _aBarcelona :
_bCírculo de lectores,
_c1969
300 _a296 páginas ;
_c20 cm.
500 _aIncluye datos biograficos del autor en las ultimas páginas
650 1 4 _aNovela estadounidense
_96380
942 _2ddc
_cBK
999 _c4175
_d4175